000 00587pam a2200217 a 4500
001 4329502
005 20180212032129.0
008 880805s1989 ilua b 001 0 eng
010 _a 88025663
020 _a0030216699
040 _aDLC
_cDLC
_dDLC
041 _aeng
080 _a338.5 WAT
082 0 0 _a338.5 WAT
_219
100 1 _a52
101 _aECO
245 1 0 _aMicroeconomic theory :
_cWalter Nicholson.
504 _aIncludes bibliographies and indexes.
906 _a7
_bcbc
_corignew
_d1
_eocip
_f19
_gy-gencatlg
942 _2ddc
_cBK
999 _c42279
_d42279